000 00684nam a2200229 i 4500
001 142039
003 ES-MaACL
005 20230906200429.0
007 t|
008 071002s1962 sp ||||1| spa d
080 _a471-88
100 1 _aVirgilio Marón, Publio.
_9115452
245 1 0 _aEneida II /
_cVirgilio ; introducción, texto y notas por Víctor José Herrero.
260 _aMadrid :
_bGredos,
_c[1962]
300 _a143 p. ;
_c21 cm.
490 1 _aClásicos Gredos
650 1 4 _aLengua latina-
_vTextos.
_914307
700 1 _aHerrero, Víctor José.
_963287
830 0 _aClásicos Gredos
_9183680
852 _aES-MaACL
_jC-22384
_bR.50828
999 _c142039
_d142039